Mezinárodní Baťova doktorandská konference recenzovaný sborník příspěvků

Enregistré dans:
Détails bibliographiques
Collectivités auteurs: Mezinárodní Baťova doktorandská konference, Univerzita Tomáše Bati ve Zlíně. Fakulta managementu a ekonomiky
Format: Livre
Langue:tchèque
slovaque
anglais
Publié: Zlín Univerzita Tomáše Bati ve Zlíně 2006
Sujets:
Tags: Ajouter un tag
Pas de tags, Soyez le premier à ajouter un tag!

MARC

LEADER 00000nlm$a2200000$$$4500
001 0045310
005 20240104135252.1
020 |a 80-7318-384-6 
041 0 |a cze 
041 0 |a slo 
041 0 |a eng 
044 |a CZ 
245 1 0 |a Mezinárodní Baťova doktorandská konference  |b recenzovaný sborník příspěvků 
264 1 |a Zlín  |b Univerzita Tomáše Bati ve Zlíně  |c 2006 
300 |a CD-ROM 
500 |a CD obsahuje príspevky vo formáte PDF. 
610 2 0 |a manažment 
610 2 0 |a marketing 
610 2 0 |a politika hospodárska 
610 2 0 |a financie 
610 2 0 |a správa verejná 
610 2 0 |a hospodárstvo podniku finančné 
610 2 0 |a hospodárstvo podnikové 
110 2 |a Mezinárodní Baťova doktorandská konference 
710 2 |a Univerzita Tomáše Bati ve Zlíně. Fakulta managementu a ekonomiky